Tornado Knowledge Quiz - Statistics

General Stats
  • This quiz has been taken 357 times
  • The average score is 12 of 17
Answer Stats
Prompt Answer % Correct
Widest Tornado El Reno
89%
What was the first tornado to kill a storm chaser? El Reno
89%
Costliest Tornado Joplin
85%
What kind of tornado is wider than it is tall? Wedge
85%
Scale used to measure tornadoes Fujita
82%
How many EF5 tornadoes were there during the 2011 Super Outbreak? 4
78%
What determined the strength of EF tornadoes? Damage
77%
What kind of tornado is very hard to see? Rainwrapped
76%
Deadliest Tornado Tri State
72%
What year did the Xenia, OH F5 take place? 1974
70%
What determed the strength of F tornadoes? Wind Speed
70%
What kind of tornado is long and usually not powerful? Rope
69%
What year was the first EF5? 2007
66%
What kind of tornado has the same structure from top to bottom? Stovepipe
58%
What kind of tornado is wide near the base and gets narrower as it goes down? Cone
56%
What year was the Ruskin Heights F5? 1957
46%
Strongest Tornado Bridge Creek-Moore
44%
No matching quizzes found
Score Distribution
Percent of People with Each Score
Percentile by Number Answered
Your Score History
You have not taken this quiz